000
00341nam a2200133Ia 4500
008
170516s9999 xx 000 0 und d
245
_a
Nano-Enabled SERS Reporting Photosensitizers
260
_b
Theranostics
260
_c
2015
300
_a
5:5
650
_x
Medical Technology
650
_x
Medtech
856
_u
http://www.thno.org/v5i5
999
_c
330537
_d
330537